000 00289nam a2200109Ia 4500
008 240521s1999 xx 000 0 und d
041 _aeng
100 _aLITTLEWOOD M.
245 _aLANDSCAPE DETAILING VOLL- I ENCLOSURE IIIRD EDTION.
260 _bC.B.S PUBLISHERS
_c1999
300 _a193
999 _c1157871
_d1157871